Qc players MTL canadiens - Statistics

General Stats
  • This quiz has been taken 20 times
  • The average score is 19 of 73
Answer Stats
Number Name % Correct
90 Anthony Richard
82%
16 Henri Richard
82%
9 Maurice Richard
82%
8 Michael Matheson
82%
10 Guy Lafleur
73%
4 Jean Béliveau
73%
35 Samuel Montembeault
73%
76 Zachary Bolduc
73%
45 Alex Carrier
64%
58 David Savard
64%
1 Jacques plante
64%
97 Joshua Roy
64%
33 Patrick Roy
64%
24 Phillip Danault
64%
18 Serge Savard
64%
21 Guy Carbonneau
55%
49 Rafael Harvey-Pinard
55%
90 Joseph Veleno
45%
25 Vincent Damphousse
45%
5 Bernard Geoffrion
36%
51 David Desharnais
36%
92 Jonathan Drouin
36%
14 Mario Tremblay
36%
60 Alex Belzile
27%
55 Francis Bouillon
27%
71 Louis Leblanc
27%
40 Maxim Lapierre
27%
79 Samuel Blais
27%
12 Yvan Cournoyer
27%
54 Charles Hudon
18%
32 Claude Lemieux
18%
48 Daniel Brière
18%
84 Guillaume Latendresse
18%
25 Jacques Lemaire
18%
60 José Théodore
18%
15 Laurent Dauphin
18%
47 Marc-André Bergeron
18%
20 Nicolas Deslauriers
18%
71 Patrice Brisebois
18%
77 Pierre Turgeon
18%
44 Stéphane Richer
18%
57 Benoit Pouliot
9%
28 Éric Desjardins
9%
17 Georges Laraque
9%
1 Georges Vézina
9%
39 Jean-Sébastien Dea
9%
41 Jocelyn Thibault
9%
39 Marc Denis
9%
8 Mathieu Dandenault
9%
52 Mathieu Darche
9%
31 Mathieu Garon
9%
26 Pierre Dagenais
9%
77 Raymond Bourque
9%
28 Stéphane Robidas
9%
28 Stéphane Robidas
9%
22 Steve Bégin
9%
70 Zachary Fucale
9%
45 Alexandre Picard
0%
17 Benoit Brunet
0%
28 Donald Audette
0%
38 Éric Chouinard
0%
41 Éric Fichaud
0%
23 Francois Beauchemin
0%
37 Gabriel Dumont
0%
48 Jean-Jacques Daigneault
0%
49 Michael Bournival
0%
15 P-a Parenteau
0%
27 Patrick Poulin
0%
10 Pierre Larouche
0%
31 Richard Parent
0%
5 Stéphane Quintal
0%
17 Torrey Mitchell
0%
61 Xavier Ouellet
0%
No matching quizzes found
Score Distribution
Percent of People with Each Score
Percentile by Number Answered
Your Score History
You have not taken this quiz